00970nam 22002533 4500001000700000021000700007090001100014100004100025101000800066102000700074200004100081210002800122215003600150225003300186300007800219305015300297606003900450675002500489700004200514801001800556830002900574990001100603995010200614202098 aPT a202098 a20240117d u||y0pory50 ba apor aPT aCântico finalfVergílio Ferreira aLisboacArcádiad1975 a340, [1] p.cencadernadod20 cm aObras de Vergílio Ferreira aContém dedicatória na folha de guarda e notas do Prof. Almeida Faria a4ª edição revista incluindo documentos sobre o filme de Manuel Guimarães: textos de Lauro António e Vergílio Ferreira fotografias guião 93481aLiteratura Portuguesa Contos a821.134.3-3vPTzpor 91045aFerreirabVergíliof1916-1996 aPTbBMMNgRPC cAna FalardofAna Falardo cLIVROS 002052026-05-11931797bBMMNf31517k821.134.3-3 FER|SAFo0rLIVROSuAcesso CondicionadosOferta